[Event "Baku Open 2023"]
[Site "Baku AZE"]
[Date "2023.05.11"]
[Round "8.26"]
[White "Ismayil, Malak"]
[Black "Madaminov, Mukhiddin"]
[Result "0-1"]
[WhiteTitle "WFM"]
[BlackTitle "IM"]
[WhiteElo "2115"]
[BlackElo "2436"]
[WhiteFideId "13412604"]
[BlackFideId "14210703"]
[EventDate "2023.05.04"]

1. e4 c5 2. Nf3 d6 3. Bb5+ Nd7 4. d4 cxd4 5. Qxd4 Nf6 6. O-O a6 7. Be2 g6 8. Nc3
Bg7 9. Bg5 O-O 10. Rad1 Qc7 11. Nd5 Nxd5 12. Qxd5 Nc5 13. Nd4 Bxd4 14. Qxd4 Ne6
15. Qd2 Nxg5 16. Qxg5 Qxc2 17. Bf3 Re8 18. Rd2 Qc7 19. h4 Be6 20. a3 Kg7 21. h5
h6 22. Qg3 g5 23. Bg4 Bxg4 24. Qxg4 Qc4 25. Re1 Rac8 26. f4 Rc5 27. Qg3 Kh7 28.
b3 gxf4 29. Qxf4 Qe6 30. Qf3 Rg8 31. Rf1 f6 32. Qd3 Re5 33. Re2 Qg4 34. Rf3 Qxh5
35. Rh3 Qg4 36. Qe3 Rh5 37. Rxh5 Qxh5 38. Qd3 Rg3 39. Re3 Rxe3 40. Qxe3 Qc5 41.
Kf2 Kg6 42. Ke2 Qxe3+ 43. Kxe3 Kg5 44. Kf3 h5 45. g3 f5 46. exf5 Kxf5 0-1

[Event "Baku Open 2023"]
[Site "Baku AZE"]
[Date "2023.05.11"]
[Round "8.27"]
[White "Kilic, Eray"]
[Black "Ayush, Sharma"]
[Result "1-0"]
[WhiteTitle "FM"]
[BlackTitle "FM"]
[WhiteElo "2418"]
[BlackElo "2267"]
[WhiteFideId "44517173"]
[BlackFideId "45010943"]
[EventDate "2023.05.04"]

1. d4 Nf6 2. c4 e6 3. Nf3 b6 4. g3 Ba6 5. Qa4 Bb7 6. Bg2 c5 7. dxc5 Bxc5 8. O-O
O-O 9. Nc3 Nc6 10. a3 Rc8 11. Bf4 Nh5 12. Bg5 f6 13. Bd2 f5 14. b4 Be7 15. Rad1
a6 16. Qb3 Qc7 17. Nd5 exd5 18. cxd5 Kh8 19. dxc6 Bxc6 20. Rc1 Qb7 21. Bc3 f4
22. Rfd1 fxg3 23. hxg3 Bf6 24. b5 axb5 25. Bb4 Rg8 26. Bd6 g5 27. Qf7 g4 28. Ng5
Rxg5 29. Rxc6 Rxc6 30. Be4 Rg7 31. Qe8+ Rg8 32. Qxh5 Rg7 33. Qe8+ Rg8 34. Qf7 1-0

[Event "Baku Open 2023"]
[Site "Baku AZE"]
[Date "2023.05.11"]
[Round "8.28"]
[White "Lortkipanidze, Nodar"]
[Black "Allahverdiyeva, Ayan"]
[Result "1-0"]
[WhiteTitle "IM"]
[BlackTitle "WFM"]
[WhiteElo "2406"]
[BlackElo "2055"]
[WhiteFideId "13604058"]
[BlackFideId "13412590"]
[EventDate "2023.05.04"]

1. e4 c5 2. Nf3 d6 3. Bb5+ Bd7 4. Bxd7+ Qxd7 5. O-O Nf6 6. Re1 Nc6 7. c3 e6 8.
d4 cxd4 9. cxd4 d5 10. e5 Ne4 11. Nbd2 Nxd2 12. Bxd2 Bb4 13. Bxb4 Nxb4 14. a3
Nc6 15. b4 O-O 16. Qd3 h6 17. Re3 Rac8 18. Nh4 Nxd4 19. Qxd4 Rc4 20. Qd2 Rxh4
21. Rc3 Rd8 22. f4 Rg4 23. h3 Rg6 24. Qd4 Qe7 25. Kh2 f6 26. Qd3 Qf7 27. Rf1 h5
28. Rf3 h4 29. Qc2 Rg3 30. Rc7 Qh5 31. exf6 Rxf3 32. Rxg7+ Kh8 33. Qc7 Rf8 34.
Rg4 Qf7 35. Qe5 Rg3 36. Rxh4+ Kg8 37. Kxg3 Qxf6 38. Rg4+ Kh7 39. Qxf6 Rxf6 40.
Rg5 Kh6 41. Kf3 Rf7 42. Re5 Rf6 43. g4 Kg7 44. g5 Rg6 45. Ke3 Kf7 46. f5 exf5
47. Rxf5+ Kg7 48. Rxd5 Re6+ 49. Kf4 Kg6 50. h4 Re1 51. Rd6+ 1-0

[Event "Baku Open 2023"]
[Site "Baku AZE"]
[Date "2023.05.11"]
[Round "8.29"]
[White "Sivuk, Vitaly"]
[Black "Khamdamova, Afruza"]
[Result "1/2-1/2"]
[WhiteTitle "GM"]
[BlackTitle "WFM"]
[WhiteElo "2533"]
[BlackElo "2172"]
[WhiteFideId "14116502"]
[BlackFideId "14210444"]
[EventDate "2023.05.04"]

1. Nf3 Nf6 2. g3 d5 3. Bg2 c5 4. O-O Nc6 5. d4 e6 6. c4 dxc4 7. Qa4 Bd7 8. Qxc4
b5 9. Qc3 b4 10. Qd3 Rc8 11. dxc5 Bxc5 12. Nbd2 O-O 13. Nb3 Bb6 14. Bf4 Re8 15.
Bg5 Qe7 16. Nbd2 Red8 17. Ne4 e5 18. Rac1 Kh8 19. Qb1 Bf5 20. Nh4 Bxe4 21. Bxe4
Nd4 22. Rce1 h6 23. Bxf6 Qxf6 24. e3 Ne6 25. Rd1 Nc5 26. Nf3 Rxd1 27. Rxd1 Rd8
28. Rxd8+ Qxd8 29. h4 Qd6 30. h5 Qe6 31. Bf5 Qd5 32. Nh4 e4 33. g4 Bc7 34. Qc2
Qe5 35. Kf1 Qd5 36. b3 Bd6 37. Ke2 a5 38. Ng2 Kg8 39. Ne1 Be5 40. Qd1 Qxd1+ 41.
Kxd1 Bc3 42. Nc2 Be5 43. Nd4 Kf8 44. Nc6 Bc7 45. Ke2 Ke8 46. f3 exf3+ 47. Kxf3
Kf8 48. Ke2 Ke8 49. Kd2 Kf8 50. Kc2 f6 51. Kd2 Kf7 52. Ke2 Kf8 53. Bd3 Ke8 54.
Bb5 Kf7 55. Bc4+ Ke8 56. Kf3 Kd7 57. Nd4 Ke7 58. Nf5+ Kf8 59. Nh4 Ke7 60. Ng6+
Ke8 61. Nf4 Ke7 62. Nd5+ Kd7 63. e4 Be5 64. Ne3 Ke7 65. Nf5+ Kf8 66. Ke3 a4 67.
bxa4 Nxa4 68. Nd4 Nc5 69. Nc6 Bc3 70. Kf4 Nd7 71. Bb3 Ne5 72. Nd8 Bd2+ 73. Kf5
Bc3 74. Ne6+ Kf7 75. Nf4+ Kf8 76. Ke6 Bd2 77. Nd5 Nxg4 78. Kd6 Ne5 79. Kc5 Nd3+
80. Kc4 Ne5+ 81. Kb5 Nd3 82. Kc4 Ne5+ 83. Kb5 Nd3 1/2-1/2

[Event "Baku Open 2023"]
[Site "Baku AZE"]
[Date "2023.05.11"]
[Round "8.30"]
[White "Mohamed, Anees M"]
[Black "Asadli, Vugar"]
[Result "0-1"]
[WhiteTitle "FM"]
[BlackTitle "GM"]
[WhiteElo "2317"]
[BlackElo "2584"]
[WhiteFideId "35065815"]
[BlackFideId "13405764"]
[EventDate "2023.05.04"]

1. e4 c5 2. Nf3 e6 3. d4 cxd4 4. Nxd4 a6 5. Bd3 Bc5 6. Nb3 Ba7 7. c4 Ne7 8. Nc3
Nbc6 9. Qe2 O-O 10. O-O Ne5 11. Be3 Bxe3 12. Qxe3 Qc7 13. c5 Nxd3 14. Qxd3 b5
15. Rfd1 Nc6 16. Rac1 Ra7 17. Qg3 Ne5 18. a4 b4 19. Na2 Nc6 20. a5 e5 21. Qd3
Rb7 22. Qxa6 Rb8 23. Qc4 Nxa5 24. Nxa5 Qxa5 25. Rd6 h6 26. Qb3 Bb7 27. Rb6 Bxe4
28. Qxb4 Qa8 29. f3 Rxb6 30. cxb6 Bc6 31. Nc3 Rb8 32. Qc5 Qa6 33. Qxe5 Qxb6+ 34.
Kf1 d5 35. Ne2 Bb5 36. Rc2 Ra8 37. g3 d4 38. Rd2 Re8 39. Qh5 g6 40. Qh3 Qa6 41.
Qg2 Qa1+ 42. Kf2 d3 43. Nc3 Qe1# 0-1

[Event "Baku Open 2023"]
[Site "Baku AZE"]
[Date "2023.05.11"]
[Round "8.31"]
[White "Toncheva, Nadya"]
[Black "Makhnev, Denis"]
[Result "0-1"]
[WhiteTitle "FM"]
[BlackTitle "GM"]
[WhiteElo "2295"]
[BlackElo "2483"]
[WhiteFideId "2924056"]
[BlackFideId "13707647"]
[EventDate "2023.05.04"]

1. e4 e5 2. Nf3 Nc6 3. Bb5 a6 4. Ba4 Nf6 5. O-O Be7 6. Re1 b5 7. Bb3 O-O 8. a4
Bb7 9. d3 d6 10. Nbd2 Nd7 11. Nf1 Nc5 12. axb5 axb5 13. Rxa8 Qxa8 14. Bd5 Nd8
15. Bxb7 Qxb7 16. Ng3 Nde6 17. c3 Nd7 18. d4 Re8 19. dxe5 Nxe5 20. Nxe5 dxe5 21.
Nf5 Bf8 22. Qg4 Kh8 23. Rd1 b4 24. h4 bxc3 25. bxc3 Nc5 26. Ng3 Qb3 27. Qf3 Kg8
28. h5 Ra8 29. h6 g6 30. Bg5 Re8 31. Kh2 c6 32. Ra1 Qb8 33. Nf1 f5 34. Qe2 Nxe4
35. Qc4+ Kh8 36. Be3 Nf6 37. Qxc6 Ng4+ 38. Kg1 Qc8 39. Qd5 f4 40. Bb6 Nxh6 41.
c4 Qe6 42. Qb5 Nf5 43. c5 Nd4 44. Qd3 Nb3 45. Ra6 e4 46. Qe2 Nd4 47. Qd1 Bg7 48.
c6 Nxc6 49. Bc5 f3 50. Qa4 fxg2 51. Ng3 Rc8 52. Ra8 Ne5 53. Qxe4 Rxa8 54. Qxa8+
Qg8 55. Qxg8+ Kxg8 56. Kxg2 Nd3 57. Ne4 Be5 58. Be3 h5 59. Kh3 Kf7 60. Kh4 Bc7
61. Bd4 Nf4 62. Ng5+ Ke7 63. Nf3 Nd3 64. Ng5 Kd7 65. Ne4 Ke7 66. Ng5 Bf4 67. Ne4
Ne1 68. Bc3 Nf3+ 69. Kh3 Ke6 70. Kg2 Nh4+ 71. Kh3 Nf5 72. f3 Kd5 73. Nf6+ Kc4
74. Be1 Kd3 75. Nd5 Be3 76. Kg2 Ke2 77. Bg3 Bd2 78. Bf2 g5 79. Nf6 Be3 80. Bg3
h4 81. Be5 Bd4 82. Ng4 Bxe5 83. Nxe5 Nd4 84. f4 gxf4 85. Kh3 f3 86. Ng4 Nf5 87.
Nh2 f2 88. Kg2 Ne7 89. Kh3 Ng6 90. Kg4 Ne5+ 91. Kxh4 Nf3+ 0-1

[Event "Baku Open 2023"]
[Site "Baku AZE"]
[Date "2023.05.11"]
[Round "8.32"]
[White "Babazada, Khazar"]
[Black "Aslanov, Umid"]
[Result "1-0"]
[WhiteTitle "IM"]
[BlackTitle "CM"]
[WhiteElo "2474"]
[BlackElo "2273"]
[WhiteFideId "13413554"]
[BlackFideId "13412620"]
[EventDate "2023.05.04"]

1. e4 c5 2. Nf3 d6 3. d4 cxd4 4. Nxd4 Nf6 5. Nc3 a6 6. Bg5 e6 7. f4 Nbd7 8. Qe2
Qc7 9. O-O-O b5 10. f5 e5 11. Nd5 Nxd5 12. exd5 Nb6 13. Qh5 Be7 14. Bd3 Bxg5+
15. Qxg5 f6 16. Qh5+ Qf7 17. Qe2 O-O 18. Ne6 Bxe6 19. fxe6 Qe7 20. g4 Na4 21. c3
Nc5 22. Bc2 a5 23. Qxb5 a4 24. Rhf1 Rab8 25. Qe2 Qb7 26. Bb1 g6 27. Rf3 Rfc8 28.
Rd2 a3 29. b3 Na4 30. c4 Nb6 31. Be4 Kg7 32. h4 Qa6 33. Rc2 Qa5 34. Qf2 Rf8 35.
h5 Qb4 36. h6+ Kg8 37. Kd1 Na4 38. bxa4 Qa5 39. Rb3 1-0

[Event "Baku Open 2023"]
[Site "Baku AZE"]
[Date "2023.05.11"]
[Round "8.33"]
[White "Erdogmus, Yagiz Kaan"]
[Black "Dixit, Nikhil"]
[Result "1-0"]
[WhiteTitle "IM"]
[BlackTitle "FM"]
[WhiteElo "2454"]
[BlackElo "2257"]
[WhiteFideId "44599790"]
[BlackFideId "5059534"]
[EventDate "2023.05.04"]

1. e4 c5 2. Nf3 Nc6 3. Bb5 Nf6 4. Bxc6 dxc6 5. d3 Qc7 6. Nbd2 e5 7. Nc4 Nd7 8.
O-O g6 9. a4 Bg7 10. a5 Rb8 11. Be3 b5 12. axb6 axb6 13. Qd2 O-O 14. Bh6 Re8 15.
Bxg7 Kxg7 16. Ra2 b5 17. Ne3 Nf8 18. Rfa1 Re7 19. b4 Qd6 20. bxc5 Qxc5 21. Ra8
Reb7 22. h4 h5 23. c3 Bg4 24. d4 exd4 25. cxd4 Qe7 26. Ne5 Rxa8 27. Rxa8 b4 28.
Nxc6 Qxe4 29. d5 b3 30. Qb2+ f6 31. Na5 Rb5 32. Nxb3 Qb4 33. Ra3 Nd7 34. Qa1 Ne5
35. Nd4 Rb7 36. Rb3 Qe7 37. Rxb7 Qxb7 38. f4 Nf7 39. Nxg4 hxg4 40. Ne6+ Kh6 41.
Qxf6 g3 42. Qg7+ Kh5 43. Qh7+ Kg4 44. Qxg6+ Kxh4 45. Qh7+ Kg4 46. Qh3# 1-0

[Event "Baku Open 2023"]
[Site "Baku AZE"]
[Date "2023.05.11"]
[Round "8.34"]
[White "Manafov, Vugar"]
[Black "Chkhaidze, Nikoloz"]
[Result "1/2-1/2"]
[WhiteTitle "FM"]
[BlackTitle "FM"]
[WhiteElo "2399"]
[BlackElo "2253"]
[WhiteFideId "13410814"]
[BlackFideId "13601750"]
[EventDate "2023.05.04"]

1. d4 d5 2. c4 e6 3. Nc3 c5 4. e3 Nf6 5. Nf3 Nc6 6. a3 a6 7. dxc5 Bxc5 8. b4 Bd6
9. Bb2 O-O 10. Qc2 Qe7 11. Rd1 Rd8 12. Ng5 h6 13. h4 dxc4 14. Bxc4 Ne5 15. Bb3
Ng6 16. h5 Nf8 17. Nge4 Be5 18. Nxf6+ Bxf6 19. O-O Bd7 20. Ne4 Bxb2 21. Qxb2 Bc6
22. Qe5 Nd7 23. Qf4 a5 24. Nd6 Nf6 25. Qe5 axb4 26. axb4 Nd5 27. b5 Qxd6 28.
Qxd6 Rxd6 29. bxc6 Rxc6 30. Bxd5 exd5 31. Rxd5 Rac8 32. Rb5 Rc5 33. Rfb1 Kf8 34.
g4 Rxb5 35. Rxb5 Rc7 36. Kg2 Ke7 37. Rb6 Kd8 38. f4 Rc2+ 39. Kf3 Kc7 40. Rb1 Kc6
41. g5 hxg5 42. fxg5 Rh2 43. Kg4 Rg2+ 44. Kf5 Rh2 45. Kg4 Rg2+ 46. Kf4 Rh2 47.
Kg4 1/2-1/2

[Event "Baku Open 2023"]
[Site "Baku AZE"]
[Date "2023.05.11"]
[Round "8.35"]
[White "Srija, Seshadri"]
[Black "Begmuratov, Khumoyun"]
[Result "0-1"]
[WhiteTitle "WGM"]
[BlackTitle "FM"]
[WhiteElo "2199"]
[BlackElo "2400"]
[WhiteFideId "5055903"]
[BlackFideId "14210207"]
[EventDate "2023.05.04"]

1. e4 c5 2. Nf3 d6 3. c3 Nf6 4. h3 a6 5. Bd3 e5 6. Bc2 b5 7. O-O Bb7 8. d4 Nbd7
9. Re1 Be7 10. d5 O-O 11. Nbd2 Re8 12. Nf1 c4 13. Be3 Qc7 14. Ng3 Nc5 15. a4
Rab8 16. Nf5 Bf8 17. Bg5 Nfd7 18. a5 Bc8 19. Be3 Nf6 20. N3h4 Bxf5 21. Nxf5 g6
22. Nh6+ Bxh6 23. Bxh6 b4 24. f4 b3 25. Bb1 exf4 26. Qd4 Ncd7 27. Bxf4 Ne5 28.
Ra4 Nfd7 29. Rf1 Rb5 30. Be3 Rxa5 31. Rxa5 Qxa5 32. Qa7 Rc8 33. Bd4 Qb5 34. Kh2
Kf8 35. Be3 a5 36. Bd4 a4 37. Rf2 Ke8 38. Rf1 Kf8 39. Rf2 Kg8 40. Rf1 h6 41. Be3
Kg7 42. Bd4 Kg8 43. Be3 h5 44. Bd4 Kf8 45. Rf2 Ke8 46. Rf1 Kd8 47. Rf2 Rb8 48.
Rf1 Rb7 49. Qa8+ Nb8 50. Be3 Qa6 51. Qxa6 Nxa6 52. Rf6 Ke7 53. Bg5 Nc7 54. Rxg6+
Kd7 55. Rg8 Nb5 56. g4 hxg4 57. h4 a3 58. bxa3 Nxa3 59. h5 Nf3+ 60. Kg3 Nxg5 61.
Rxg5 Nxb1 62. h6 Rb8 63. h7 Rh8 0-1

[Event "Baku Open 2023"]
[Site "Baku AZE"]
[Date "2023.05.11"]
[Round "8.36"]
[White "Eynullayev, Atilla"]
[Black "Shahaliyev, Ismayil"]
[Result "1/2-1/2"]
[WhiteTitle "FM"]
[BlackTitle "IM"]
[WhiteElo "2281"]
[BlackElo "2400"]
[WhiteFideId "13413570"]
[BlackFideId "13406388"]
[EventDate "2023.05.04"]

1. d4 d5 2. c4 e6 3. Nc3 Be7 4. cxd5 exd5 5. Bf4 c6 6. e3 Bf5 7. g4 Be6 8. h4
Nd7 9. Qb3 b5 10. g5 h6 11. Nf3 Rc8 12. Rg1 hxg5 13. hxg5 Qa5 14. Ne5 Nxe5 15.
Bxe5 f6 16. gxf6 gxf6 17. Bf4 Nh6 18. Bd3 Nf7 19. O-O-O Ng5 20. Kb1 Qd8 21. Rh1
Nh3 22. Bg3 Kf7 23. Qc2 Qd7 24. Ne2 Bg4 25. Rdf1 Ng5 26. Nf4 Ne4 27. Rxh8 Rxh8
28. Rc1 Bf3 29. Be2 Bxe2 30. Qxe2 Qf5 31. Ka1 Bd6 32. a3 Nxg3 33. fxg3 Bxf4 34.
exf4 Qe4 35. Qd2 Rh1 36. Rxh1 Qxh1+ 37. Ka2 Qf3 38. Qh2 Qd3 39. Qh5+ Ke7 40. Qh8
Qxd4 41. Qc8 Qc4+ 42. Ka1 Qc1+ 43. Ka2 Qc4+ 44. Ka1 d4 45. Qc7+ Ke6 46. Qc8+ Ke7
47. Qc7+ Kf8 48. Qc8+ Kg7 49. Qg4+ Kf8 50. Qc8+ Kg7 1/2-1/2

[Event "Baku Open 2023"]
[Site "Baku AZE"]
[Date "2023.05.11"]
[Round "8.37"]
[White "Sharma, Isha"]
[Black "Akhvlediani, Irakli"]
[Result "0-1"]
[WhiteTitle "WIM"]
[BlackTitle "FM"]
[WhiteElo "2216"]
[BlackElo "2421"]
[WhiteFideId "35006665"]
[BlackFideId "13601938"]
[EventDate "2023.05.04"]

1. e4 c5 2. Nf3 d6 3. d4 cxd4 4. Nxd4 Nf6 5. Nc3 a6 6. Be3 e5 7. Nb3 Be6 8. h3
Be7 9. f4 exf4 10. Bxf4 Nc6 11. Qe2 Ne5 12. O-O-O Nfd7 13. Kb1 Rc8 14. Nd5 Bxd5
15. exd5 O-O 16. g4 h6 17. Qg2 Re8 18. Nd4 Ng6 19. Bc1 Bf6 20. Nf5 Nc5 21. Bd3
Ne5 22. Be2 Na4 23. Qf2 Nc4 24. Bxc4 Rxc4 25. Rd3 Rce4 26. Ng3 Bh4 27. Qf3 Bxg3
28. Qxg3 Re2 29. Rd2 R2e3 30. Qf2 Qb6 31. Ka1 R3e5 32. Qxb6 Nxb6 33. Rhd1 Nc4
34. Rd3 Re1 35. Kb1 R8e2 36. b3 Rxd1 37. Rxd1 Ne3 38. Rd4 Nxc2 39. Rc4 Ne3 40.
Rc8+ Kh7 41. Ba3 Nxd5 42. Bxd6 Re6 43. Ba3 Re1+ 44. Kc2 Re2+ 45. Kb1 Rh2 46. Rc5
Nf4 47. Rf5 Ne2 48. Rxf7 Nc3+ 49. Kc1 Nxa2+ 50. Kb1 Nc3+ 51. Kc1 b5 52. Bd6 Re2
53. Ra7 Re6 54. Bf8 Rg6 55. Kd2 Nd5 56. b4 Nf4 57. h4 Rxg4 58. Rxa6 Rxh4 59. Rb6
Rh2+ 60. Kd1 Nd5 61. Rb7 Rg2 62. Ke1 Nc3 63. Rc7 Ne4 64. Re7 Nf6 65. Rb7 Rg5 66.
Be7 Re5+ 67. Kf1 Ne4 68. Kg2 Rf5 69. Bh4 Kg6 70. Bd8 h5 71. Rb6+ Kh7 72. Rb7 Kh6
73. Bb6 g5 74. Bd4 h4 75. Bc5 Kh5 76. Rxb5 Kg4 77. Ra5 Nxc5 78. bxc5 Rf4 79. c6
Rc4 80. Ra6 h3+ 81. Kh2 Rc2+ 82. Kg1 Kh4 0-1

[Event "Baku Open 2023"]
[Site "Baku AZE"]
[Date "2023.05.11"]
[Round "8.38"]
[White "Ilamparthi, A R"]
[Black "Guliev, Sarhan"]
[Result "1-0"]
[WhiteTitle "IM"]
[BlackTitle "GM"]
[WhiteElo "2408"]
[BlackElo "2308"]
[WhiteFideId "45015775"]
[BlackFideId "13400231"]
[EventDate "2023.05.04"]

1. e4 e5 2. Nf3 Nc6 3. Bb5 a6 4. Ba4 Nf6 5. O-O Be7 6. d3 d6 7. c3 O-O 8. Re1
Bg4 9. h3 Bh5 10. Nbd2 Nd7 11. Nf1 Nc5 12. Bc2 d5 13. exd5 Qxd5 14. Ne3 Qd8 15.
Ng4 Bf6 16. Nfxe5 Bxe5 17. Nh6+ gxh6 18. Qxh5 Nd7 19. Bxh6 f5 20. Bxf8 Qxf8 21.
d4 Bd6 22. Bxf5 Nf6 23. Qh4 Qg7 24. Re6 Rf8 25. Rae1 Ne7 26. Bc2 Kh8 27. c4 b6
28. a3 a5 29. R1e3 Nfg8 30. Qg4 Qxg4 31. hxg4 Nc6 32. c5 bxc5 33. dxc5 Bxc5 34.
Rxc6 Bxe3 35. fxe3 Nf6 36. Bf5 Nd5 37. e4 Nf4 38. Rxc7 Rb8 39. Rc8+ Rxc8 40.
Bxc8 Nd3 41. b3 h6 42. Be6 Kg7 43. Bc4 Ne5 44. Be2 Nc6 45. Kf2 Kf6 46. Ke3 Ke5
47. Kd3 Nd4 48. Bd1 Ne6 49. Bf3 Nd4 50. Kc4 Nc2 1-0

[Event "Baku Open 2023"]
[Site "Baku AZE"]
[Date "2023.05.11"]
[Round "8.39"]
[White "Orujov, Farid"]
[Black "Talibov, Shiroghlan"]
[Result "0-1"]
[WhiteTitle "FM"]
[BlackTitle "FM"]
[WhiteElo "2225"]
[BlackElo "2359"]
[WhiteFideId "13423533"]
[BlackFideId "13429078"]
[EventDate "2023.05.04"]

1. e4 c5 2. Nf3 a6 3. c4 e6 4. Nc3 Qc7 5. d4 cxd4 6. Nxd4 Nf6 7. Be2 b6 8. Be3
Bb7 9. f3 Be7 10. g4 h6 11. Qd2 Nc6 12. Nxc6 Bxc6 13. h4 Rd8 14. Bf4 d6 15. Qc2
Qb7 16. O-O-O b5 17. Rhg1 b4 18. Na4 Qc7 19. Rd2 Qa5 20. Bd1 Nd7 21. Bg3 Rc8 22.
Bxd6 Bxd6 23. Rxd6 Ke7 24. Rd4 Ne5 25. Kb1 Bxa4 26. Qxa4 Qc5 27. Bb3 Qxd4 28.
Rd1 Qc5 29. f4 Nc6 30. Qxa6 Qa5 0-1

[Event "Baku Open 2023"]
[Site "Baku AZE"]
[Date "2023.05.11"]
[Round "8.40"]
[White "Dushyant, Sharma"]
[Black "Bayramov, Zaur"]
[Result "1-0"]
[WhiteTitle "IM"]
[BlackTitle "FM"]
[WhiteElo "2355"]
[BlackElo "2310"]
[WhiteFideId "25065130"]
[BlackFideId "13405080"]
[EventDate "2023.05.04"]

1. e4 d6 2. d4 Nf6 3. Nc3 e5 4. Nge2 c6 5. f3 Nbd7 6. Be3 h5 7. h4 Be7 8. Qd2
Qc7 9. O-O-O a6 10. Ng3 g6 11. f4 b5 12. a3 Bb7 13. fxe5 dxe5 14. d5 b4 15. axb4
Bxb4 16. Qd3 Qa5 17. d6 Ng4 18. Nb1 Bc5 19. Bxc5 Qxc5 20. Qb3 O-O-O 21. Re1 Qxd6
22. Be2 Qe7 23. Nc3 Nc5 24. Qb6 Rd4 25. Kb1 Nd7 26. Qb3 Kc7 27. Bxg4 hxg4 28. h5
Rd2 29. Nd5+ Rxd5 30. exd5 cxd5 31. hxg6 Rxh1 32. Rxh1 fxg6 33. Qd3 d4 34. Qxg6
Bxg2 35. Rh7 Qb4 36. Qxa6 Qe1+ 37. Ka2 Qxg3 38. Qa7+ Bb7 39. Qa5+ Kd6 40. Rh6+
Ke7 41. Qb4+ 1-0

[Event "Baku Open 2023"]
[Site "Baku AZE"]
[Date "2023.05.11"]
[Round "8.41"]
[White "Garayev, Kanan"]
[Black "Fishchuk, Vladyslav"]
[Result "0-1"]
[WhiteTitle "IM"]
[BlackTitle "FM"]
[WhiteElo "2346"]
[BlackElo "2252"]
[WhiteFideId "13406671"]
[BlackFideId "34122117"]
[EventDate "2023.05.04"]

1. d4 Nf6 2. c4 e6 3. Nc3 Bb4 4. e3 O-O 5. Bd2 d5 6. Nf3 b6 7. cxd5 exd5 8. Rc1
Be7 9. Bd3 Bb7 10. O-O c5 11. Ne5 Nc6 12. f4 cxd4 13. Nxc6 Bxc6 14. exd4 Qd7 15.
Qc2 Rfe8 16. Rfe1 Qb7 17. Re5 Bd6 18. Rxe8+ Rxe8 19. Nb5 Bxb5 20. Bxb5 Rd8 21.
Qc6 Qe7 22. Re1 Qf8 23. Rc1 Bb4 24. Qc2 Bxd2 25. Qxd2 Ne4 26. Qe1 Qd6 27. g3 h5
28. Rc6 Qe7 29. a3 Rd6 30. Rxd6 Qxd6 31. Bd3 Qe6 32. Bxe4 dxe4 33. Qd1 e3 34.
Kf1 Qh3+ 35. Kg1 h4 36. Qe1 Qe6 37. gxh4 Qg6+ 38. Kf1 Qd3+ 39. Qe2 Qxd4 40. f5
Kf8 41. Qc2 Ke7 42. Qc6 Qf4+ 0-1

[Event "Baku Open 2023"]
[Site "Baku AZE"]
[Date "2023.05.11"]
[Round "8.42"]
[White "Ahmad, Khagan"]
[Black "Guliev, Logman"]
[Result "1-0"]
[WhiteTitle "FM"]
[BlackTitle "IM"]
[WhiteElo "2321"]
[BlackElo "2261"]
[WhiteFideId "13431552"]
[BlackFideId "13400061"]
[EventDate "2023.05.04"]

1. e4 c5 2. Nf3 d6 3. d4 cxd4 4. Nxd4 Nf6 5. f3 a6 6. c4 g6 7. Be3 Bg7 8. Nc3
O-O 9. Be2 Nc6 10. Qd2 Nxd4 11. Bxd4 Be6 12. O-O Qa5 13. Rfd1 Rfc8 14. b3 Nd7
15. Rac1 Bxd4+ 16. Qxd4 b5 17. cxb5 axb5 18. b4 Qa3 19. Bxb5 Qb2 20. a4 Ne5 21.
Ne2 Rxc1 22. Rxc1 Qa2 23. Nf4 Bb3 24. Nd5 Bxd5 25. Qxd5 Rxa4 26. Bxa4 Qxa4 27.
Qd4 f6 28. f4 Nf7 29. Qc4 Kg7 30. b5 Qa7+ 31. Kh1 Qe3 32. Rb1 Nd8 33. b6 1-0

[Event "Baku Open 2023"]
[Site "Baku AZE"]
[Date "2023.05.11"]
[Round "8.43"]
[White "Mustafayev, Farid"]
[Black "Nurgali, Nazerke"]
[Result "0-1"]
[WhiteTitle "FM"]
[BlackTitle "WIM"]
[WhiteElo "2316"]
[BlackElo "2150"]
[WhiteFideId "13408771"]
[BlackFideId "13711261"]
[EventDate "2023.05.04"]

1. c4 c5 2. Nf3 Nc6 3. g3 g6 4. Bg2 Bg7 5. O-O e6 6. Nc3 Nge7 7. d3 d5 8. cxd5
exd5 9. Bd2 O-O 10. Qc1 Re8 11. Bh6 Bh8 12. e4 d4 13. Nb5 a6 14. Na3 b6 15. h3
a5 16. Nc4 b5 17. Ncd2 Qb6 18. a4 Nb4 19. Ne1 Ba6 20. f4 Rac8 21. axb5 Qxb5 22.
Ra3 c4 23. dxc4 Qc5 24. Nd3 Nxd3 25. Rxd3 Bxc4 26. Nxc4 Qxc4 27. Qd1 Qc5 28. Rf2
Qb5 29. g4 Rc4 30. Rfd2 Qc5 31. Qb3 Nc6 32. e5 Rb8 33. Qa3 Nb4 34. Rf3 d3+ 35.
Kh2 Rc2 36. Rff2 Rxd2 37. Rxd2 Qc1 38. Qc3 Rc8 39. Qxc1 Rxc1 40. Kg3 Rc2 41. Rd1
Rxb2 42. Ra1 Bg7 43. Bg5 d2 44. Bf3 Na2 45. Bd1 Nc3 46. Rxa5 h6 0-1

[Event "Baku Open 2023"]
[Site "Baku AZE"]
[Date "2023.05.11"]
[Round "8.44"]
[White "Chitlange, Sakshi"]
[Black "Heinemann, Josefine"]
[Result "1/2-1/2"]
[WhiteTitle "WIM"]
[BlackTitle "WGM"]
[WhiteElo "2241"]
[BlackElo "2274"]
[WhiteFideId "35002899"]
[BlackFideId "12900460"]
[EventDate "2023.05.04"]

1. d4 Nf6 2. c4 e6 3. Nf3 d5 4. Nc3 c5 5. cxd5 cxd4 6. Qxd4 exd5 7. Bg5 Be7 8.
e3 O-O 9. Rd1 Nc6 10. Qa4 Qb6 11. Qb5 Qxb5 12. Bxb5 Be6 13. O-O Rfd8 14. h3 h6
15. Bf4 g5 16. Bc7 Rd7 17. Bh2 Rdd8 18. Ne2 Rac8 19. Ned4 Nxd4 20. Nxd4 Bc5 21.
Ba4 Ne4 22. Bb3 Bb6 23. Rfe1 Nd6 24. Re2 Nc4 25. Bg3 Na5 26. Ba4 a6 27. Be5 Nc6
28. Bf6 Re8 29. Nf3 Bd8 30. Bxd8 Rexd8 31. Nd4 Nxd4 32. Rxd4 Rc4 33. Red2 Rxd4
34. Rxd4 Rc8 35. Bb3 Rc1+ 36. Kh2 Kg7 37. Kg3 Rb1 38. Rd2 Kf6 39. h4 Ke5 40.
hxg5 hxg5 41. f4+ gxf4+ 42. exf4+ Kf6 43. f5 Bxf5 44. Bxd5 b5 45. Rf2 Kg6 46.
Bxf7+ Kxf7 47. Rxf5+ Kg6 48. Rf2 Ra1 49. a3 b4 50. Rf3 Rb1 51. Rf4 a5 52. Rf2
bxa3 53. bxa3 Rb3+ 54. Rf3 Rb2 55. Rc3 a4 56. Kf3 Rb3 57. Re3 Kf5 58. g3 Rxe3+
59. Kxe3 Kg4 60. Kf2 Kg5 61. Kf3 Kf5 62. g4+ Kg5 63. Kg3 Kg6 64. Kf4 Kf6 65. g5+
Kg6 66. Kg4 Kg7 67. Kf5 Kf7 68. g6+ Kg7 69. Kg5 Kg8 70. Kf6 Kf8 71. Ke6 Kg7 72.
Kd5 Kxg6 73. Kc4 Kf6 74. Kb4 Ke6 75. Kxa4 Kd6 76. Kb5 Kc7 77. a4 1/2-1/2

[Event "Baku Open 2023"]
[Site "Baku AZE"]
[Date "2023.05.11"]
[Round "8.45"]
[White "Atakishiyev, Elmar"]
[Black "Ince, Taylan Ruzgar"]
[Result "1-0"]
[WhiteTitle "FM"]
[BlackTitle "CM"]
[WhiteElo "2363"]
[BlackElo "2264"]
[WhiteFideId "13410547"]
[BlackFideId "44513089"]
[EventDate "2023.05.04"]

1. c4 Nf6 2. Nc3 d5 3. cxd5 Nxd5 4. Nf3 g6 5. h4 Bg7 6. e4 Nxc3 7. dxc3 O-O 8.
Bf4 e5 9. Bg5 Qxd1+ 10. Kxd1 Be6 11. h5 Nd7 12. Nd2 Bf6 13. Be3 Rad8 14. Kc2 Be7
15. Bc4 Bxc4 16. Nxc4 Bc5 17. Rad1 Bxe3 18. Nxe3 Nf6 19. hxg6 hxg6 20. f3 b5 21.
a4 a6 22. axb5 axb5 23. Rxd8 Rxd8 24. Ra1 Rd6 25. Ra5 Rb6 26. Ra7 c6 27. Kb3 c5
28. Rc7 c4+ 29. Kb4 Rd6 30. Kxb5 Rd2 31. Nxc4 Rxg2 32. b4 1-0